| 000 | 00343nam a2200133Ia 4500 | ||
|---|---|---|---|
| 008 | 191201s2000 xx 000 0 und d | ||
| 100 | _aDAHIYA,Shri Bhagwan | ||
| 245 | 4 | _aThe Current State of Business Disciplines (Accounting) | |
| 250 | _a1st | ||
| 260 |
_aRohtak _bSpellbound Pub. _c2000 |
||
| 300 | _a388 | ||
| 650 | _aMBA | ||
| 942 |
_2ddc _cBK |
||
| 999 |
_c4201 _d4201 |
||